| 000 | 00648nam a22002177a 4500 | ||
|---|---|---|---|
| 005 | 20251108170546.0 | ||
| 008 | 250721s1998 xx 000 0 ara d | ||
| 082 | 1 | 4 | _aط/745.5/حاف |
| 100 | 1 | _aحافظ، هويدا | |
| 245 | 1 | 0 | _aهوايات منزلية / |
| 264 | 1 |
_aمصر : _bشركة سفير، _c1998. |
|
| 300 | _a32ص | ||
| 490 | 0 | _aدليل الفتاة الذكية من سن 13 :17 | |
| 650 | 1 | 7 | _aالزخرفة |
| 650 | 1 | 7 | _aالفنون |
| 650 | 1 | 7 | _aالإقتصاد المنزلي |
| 650 | 1 | 7 | _aالتلوين الزخرفي |
| 653 | _a ناشئون صغار (10-14) سنة | ||
| 942 |
_2ddc _cBK |
||
| 999 |
_c43489 _d43489 |
||